000 02001ncm0a2200409 4500
001 RU\NLR\ONIZ\212954
005 20260406121110.0
035 _a(NLR Aleph) 010892442
071 2 0 _aс 4580 к
090 _a10561680
_c10561680
100 _a20151105d2009 |||y0rusy50 ca
101 0 _arus
102 _aRU
125 _aax
200 1 _aДуша и тело
_bНоты
_eвок. цикл на стихи Н. Гумилёва и О. Мандельштама
_eдля голоса и фп.
_fБ. Арапов
_gред. и предисл. И. Шараповой
210 _aСанкт-Петербург
_cКомпозитор - Санкт-Петербург
_d2009
215 _a26 с.
_d29 см
300 _aПарал. рус., англ.
300 _aПеред нот. текстом: Памяти Н. Гумилёва и О. Мандельштама
606 1 _aВокальные циклы
_yСССР
_z20 в.
_jНоты
_2nlr_sh
686 _aЩ943.4-42-043.2(2)
_vLBC/SL
_2rubbk
700 1 _9z01790
_aАрапов
_bБ. А.
_f1905-1992
_gБорис Александрович
_4230
_7ca
702 1 _9z02790
_aГумилёв
_bН. С.
_f1886-1921
_gНиколай Степанович
_4520
_4280
_7ca
702 1 _4520
_4280
_8rus
_7ca
_aМандельштам
_bО. Э.
_f1891-1938
_gОсип Эмильевич
_3RU\NLR\AUTH\77504
_9110553
702 1 _9z04790
_aШарапова
_bИ. А.
_gИрина Александровна
_4340
_7ca
790 1 _9z01700
_aArapov
_bB. A.
_f1905-1992
_gBoris Aleksandrovič
_4230
_7ba
790 1 _9z02702
_aGumiljov
_bN. S.
_f1886-1921
_gNikolaj Stepanovič
_4520
_4280
_7ba
790 1 _4520
_4280
_8rus
_7ba
_aMandel'štam
_bO. É.
_f1891-1938
_gOsip Émil'evič
_3RU\NLR\AUTH\7723151
_96205
790 1 _9z04702
_aSharapova
_bI.
_cpiano
_gIrina
_4340
_7ba
801 0 _aRU
_bNLR
_c20151105
_gPSBO
801 1 _aRU
_bNLR
_c20151105
_2rusmarc
801 2 _aRU
_bNLR
_c20151113
852 _aNLR
_bМ
_jК-3/27494
_p257243
_t1
942 _cSCORE
980 _aNB
980 _aONIZ